00349 a2200109 4500001001000000005001700010008004100027245007300068100001900141773006200160999001700222ART_1048120260410161848.0260409a 10aUna nota sobre la distribución del ingreso en un modelo Ricardiano1 aPorto, Alberto0 tEconómicag- Año XXII, Nº 1 (ene./abr.1976)wREV7541 c24772d24772